[Event "Marshall Chess Club IM 2020"]
[Site "New York"]
[Date "2020.03.01"]
[Round "8"]
[White "Cezila Jr, Rubens"]
[Black "Fikiet, Alex"]
[Result "0-1"]
[WhiteElo "2299"]
[BlackElo "2217"]
[Annotator "TA"]
[PlyCount "136"]
[EventDate "2020.02.27"]
[EventType "tourn"]
[EventCountry "USA"]
[SourceTitle "playchess.com"]
[Source "ChessBase"]
[SourceQuality "1"]

{[%evp 10,136,31,32,22,-1,4,-7,12,0,60,0,0,0,0,0,0,0,35,34,30,37,21,33,35,39,
24,34,27,-14,-22,-75,-71,-102,-85,-93,-100,-93,-112,-127,-127,-104,-121,-125,
-104,-108,-106,-127,-90,-201,-185,-249,-254,-238,-220,-287,0,-291,-209,-236,
-235,-234,-199,-198,-197,-292,-256,-383,-393,-381,-268,-602,-265,-228,-141,
-133,-137,-123,-143,-143,-125,-167,-146,-164,-150,-284,-278,-385,-384,-351,
-334,-317,-429,-475,-457,-483,-476,-466,-385,-506,-435,-461,-422,-395,-392,
-613,-618,-661,-661,-646,-505,-650,-627,-1644,-1502,-29972,-29976,-29978,
-29975,-29981,-29982,-29987,-29988,-29988,-29989,-29989,-29989,-29989,-29990]} 
1. Nf3 d5 2. g3 Nc6 3. d4 Bf5 4. Bg2 Nb4 5. Na3 e6 6. O-O h6 {D02: 1 d4 d5 2
Nf3 sidelines, including 2...Nf6 3 g3 and 2...Nf6 3 Bf4.} 7. c4 c6 8. Bd2 a5 {
The position is equal.} 9. c5 {[#]} b6 $146 ({Better is} 9... Nf6 $11) ({
Predecessor:} 9... Nf6 10. Ne5 {1/2-1/2 (10) Tadic,B (2517)-Miladinovic,I 
(2557) Cetinje 2012}) 10. cxb6 (10. Ne5 $14) 10... Qxb6 $11 11. Qa4 Bd6 12. Ne5
Ne7 13. e4 Bxe4 14. Bxe4 dxe4 15. Nac4 Qc7 $1 16. a3 Nbd5 17. Bxa5 Bxe5 18.
dxe5 O-O 19. b4 Qa7 20. Qb3 {[#]} (20. Qc2 $1 $11 {was the only way to keep
the balance.}) 20... Nf5 $1 $17 21. Kh1 e3 22. fxe3 Nfxe3 23. Nxe3 Nxe3 24.
Rfe1 Nf5 25. Rac1 {[#]} c5 $1 {[%mdl 512] ...Qb7+ is the strong threat.} 26.
Qd3 (26. bxc5 Qxa5) 26... cxb4 27. axb4 Rac8 28. Kg2 Nd4 {And now ...Qb7+
would win.} 29. Rxc8 (29. Kh3 $17) 29... Rxc8 $19 30. Re4 (30. Kf1 $142) 30...
Nf5 31. Re1 Qb7+ 32. Qe4 Qa7 $2 (32... Qa6 $19 33. Qe2 Rc4) 33. Kh1 $2 {
[%mdl 8192]} (33. Qd3 $1 $11) 33... Ne7 34. Ra1 Qf2 35. Qg2 Qd4 36. Re1 Nd5 37.
Qe4 (37. Qe2 {was necessary.}) 37... Qb2 {Threatens to win with ...Rc2.} 38.
Re2 (38. Qb1 {is the only way for White.} Qf2 39. Rf1) 38... Rc1+ 39. Kg2 Qa1 {
White must now prevent ...Rg1+.} 40. Kh3 $2 (40. Qf3) 40... Rg1 (40... Rf1 $142
41. Qg2 Rf5) 41. Rf2 Qd1 $40 {[%mdl 128] Black wants a kill.} 42. Qf3 Qxf3 43.
Rxf3 $17 {[%mdl 4096] Endgame [#] KRB-KRN} Rb1 $1 44. Rd3 Kh7 ({Not} 44... Nxb4
45. Rd8+ Kh7 46. Rb8 $16) 45. Rd4 g5 46. Kg2 Kg6 47. h4 (47. Rd2 $17) 47... Kf5
$19 48. hxg5 hxg5 49. Rd2 Kxe5 50. Rf2 f5 ({Less strong is} 50... Nxb4 51. Bxb4
Rxb4 52. Rxf7 $17) 51. Re2+ Kd6 52. Bd8 g4 53. Bg5 Rxb4 54. Ra2 Rb3 55. Ra8
Rb2+ 56. Kg1 Rc2 57. Ra4 (57. Ra6+ $142 Rc6 58. Ra7) 57... e5 58. Ra6+ Kc5 59.
Ra4 Rc4 60. Ra1 f4 61. Re1 Kd4 62. gxf4 exf4 {Black mates.} 63. Bh6 Kd3 64.
Rd1+ Ke4 65. Bf8 Ne3 66. Ra1 Kf3 67. Bd6 Rd4 68. Bc5 Rd2 {Accuracy: White =
47%, Black = 80%.} 0-1

[Event "Marshall Chess Club IM 2020"]
[Site "New York"]
[Date "2020.03.01"]
[Round "8"]
[White "Bonin, Jay"]
[Black "Hallaeva, Bahar"]
[Result "1/2-1/2"]
[WhiteElo "2258"]
[BlackElo "2170"]
[Annotator "TA"]
[PlyCount "71"]
[EventDate "2020.02.27"]
[EventType "tourn"]
[EventCountry "USA"]
[SourceTitle "playchess.com"]
[Source "ChessBase"]
[SourceQuality "1"]

{[%evp 18,71,-3,-2,0,-4,-6,-25,-8,-38,-14,-26,0,-14,0,-4,0,-12,0,0,0,0,0,0,0,
-18,-9,-94,-91,-80,-55,-138,-139,-143,-149,-146,-143,-131,-143,-150,-148,-168,
-162,-156,-20,-19,-16,-15,-16,-18,-25,-16,0,0,0,-15]} 1. d4 Nf6 2. Nf3 e6 3.
Bg5 c5 4. c3 d5 5. e3 Nbd7 6. Nbd2 Be7 7. Bd3 O-O 8. O-O b6 9. Qa4 Bb7 10. Ne5
h6 {D03: 1 d4 d5 2 Nf3 Nf6 3 Bg5, including Torre Attack with early ...d5.} 11.
Bxf6 Nxf6 12. f4 Bd6 {Black has an edge.} 13. Rad1 Qe8 {[#]} 14. Qc2 $146 ({
Predecessor:} 14. Bb5 Qe7 15. Ba6 Rac8 16. Rf3 Rfd8 17. Bxb7 Qxb7 18. Rdf1 Ne4
19. Nxe4 dxe4 20. Rg3 {0-1 (34) Zhang Yushkov,N (2210)-Kharitonov,A (2185)
Novosibirsk 1998}) 14... Qc8 15. Qb1 Ba6 16. Rf3 Bxd3 17. Qxd3 Qb7 18. Rh3 Ne4
$36 {[%mdl 2048] Black has the initiative.} 19. Nxe4 dxe4 20. Qe2 cxd4 21. exd4
f5 22. g4 {[#]} (22. Ng6 $11 {remains equal.}) 22... Bxe5 $1 $17 23. dxe5 Qf7
24. Kh1 (24. gxf5 $15 Qxf5 25. Rh4) 24... fxg4 25. Qxg4 Qxf4 26. Qxe6+ Kh8 27.
Rg1 {[#]} Rae8 $1 {[%cal Re8e6]} 28. Qg6 {[%csl Gg1][%cal Rg6g7]} Re7 {aiming
for ...e3.} 29. Qd6 Rfe8 30. Rhg3 e3 ({Don't do} 30... Qxe5 31. Qxe5 Rxe5 32.
Rxg7 $15) ({Not} 30... Rxe5 31. Rxg7 Qf3+ 32. R7g2 $11) ({Black should play} 
30... Rf7 $17 {Threatens to win with ...e3.} 31. Re1 Rxe5 32. Qd8+ (32. Qb8+ $2
Kh7 $17) 32... Kh7) 31. Qd4 $11 Qxe5 32. Qxe5 Rxe5 33. Rxg7 e2 34. R7g6 {
[%cal Rg6h6]} Kh7 35. Rg7+ Kh8 36. R7g6 {White happily takes the draw.
Accuracy: White = 77%, Black = 81%.} 1/2-1/2

[Event "Marshall Chess Club IM 2020"]
[Site "New York"]
[Date "2020.03.02"]
[Round "9"]
[White "Yudasin, Leonid"]
[Black "Cezila Jr, Rubens"]
[Result "1/2-1/2"]
[WhiteElo "2481"]
[BlackElo "2299"]
[Annotator "TA"]
[PlyCount "53"]
[EventDate "2020.02.27"]
[EventType "tourn"]
[EventCountry "USA"]
[SourceTitle "playchess.com"]
[Source "ChessBase"]
[SourceQuality "1"]

{[%evp 17,53,90,93,77,53,15,8,0,24,-37,-34,-29,-29,-53,-48,-26,26,34,40,0,0,4,
12,0,0,6,45,43,81,45,119,93,108,85,89,102,89,72]} 1. e4 c6 2. d4 d5 3. e5 Bf5
4. Nf3 e6 5. Be2 c5 6. O-O Nc6 7. c3 Qb6 8. dxc5 Bxc5 9. b4 Be7 10. Be3 {
B12: Caro-Kann: Advance Variation.} Qc7 11. Qa4 {And now b5 would win.} Kf8 12.
Bf4 {The position is equal.} g5 13. Nxg5 ({Better is} 13. b5 $1 $11) 13... Nxe5
$15 {[#] Strongly threatening ...h6.} 14. b5 $146 ({Predecessor:} 14. Kh1 Bd6
15. Na3 Nc4 16. Bxd6+ Nxd6 17. Rac1 f6 18. Nf3 e5 19. Nd2 Ne7 20. c4 {0-1 (60)
Genis,R (1947)-Graebner,W (2053) Frankfurt 2010}) 14... Bd6 15. Bg3 Ne7 16. Nf3
N5g6 (16... Kg7 $142) 17. Nbd2 $11 h5 18. Rfc1 {[#]} h4 $1 {[%mdl 512]} 19.
Bxd6 (19. Nxh4 Nxh4) 19... Qxd6 20. c4 Nf4 21. Bf1 $1 b6 22. cxd5 exd5 23. Kh1
f6 (23... Ne6 $14) 24. Nd4 $16 {White is better.} Bd7 25. Qc2 Rc8 26. Qb2 Kf7
27. Rxc8 {Accuracy: White = 74%, Black = 77%.} 1/2-1/2

[Event "Marshall Chess Club IM 2020"]
[Site "New York"]
[Date "2020.03.02"]
[Round "9"]
[White "Noboa Silva, Kevin"]
[Black "Bonin, Jay"]
[Result "1-0"]
[WhiteElo "2329"]
[BlackElo "2258"]
[Annotator "TA"]
[PlyCount "97"]
[EventDate "2020.02.27"]
[EventType "tourn"]
[EventCountry "USA"]
[SourceTitle "playchess.com"]
[Source "ChessBase"]
[SourceQuality "1"]

{[%evp 20,96,97,68,116,115,127,79,180,170,163,91,152,142,139,139,304,304,305,
320,301,299,331,326,527,562,545,556,679,293,413,416,688,441,424,426,670,617,
577,589,633,595,714,680,783,715,981,966,1663,1545,1396,727,790,790,770,668,735,
0,1153,772,689,678,12838,12839,29980,29980,29989,12835,29981,8052,12839,12839,
12840,12840,29979,29978,29981,12842,29999]} 1. d4 Nf6 2. c4 g6 3. Nc3 Bg7 4. e4
d6 5. h3 c5 6. d5 b5 7. cxb5 a6 8. Nf3 O-O 9. a4 axb5 10. Bxb5 Ba6 11. Be3 {
is the legacy move (11.Bd2).} Ne8 {E90: King's Indian: Classical: Early
deviations and 6 h3.} 12. O-O Nc7 {[#]} 13. Qe2 $146 ({Predecessor:} 13. Qd2
Nd7 14. Bh6 Bxh6 15. Qxh6 f6 16. Qd2 Qc8 17. Ra3 Nb6 18. Raa1 Ra7 19. Rab1 {
1/2-1/2 (54) Alonso Rosell,A (2552)-Perez Mitjans,O (2496) Catalunya 2013})
13... f5 (13... Bxb5 $16 14. axb5 Nd7) 14. exf5 $18 Rxf5 15. Rad1 (15. Bg5 $18)
15... Nd7 (15... Bxb5 $142 16. axb5 Nd7) 16. g4 $16 Rf8 17. Ng5 h6 $2 (17...
Bxb5 $16 18. Nxb5 (18. axb5 Qe8 $14) 18... Re8) 18. Ne6 $18 Bxb5 19. axb5 Nxe6
20. dxe6 Nb6 {[#]} 21. Bxc5 $1 {[%mdl 576] Pin} Na4 $2 (21... Qb8) (21... dxc5
22. Rxd8) 22. Nxa4 Rxa4 {[#]} 23. Bxd6 $1 {[%mdl 512]} Qa8 {intending ...Re4.}
(23... exd6 24. e7) 24. Bg3 (24. Bxe7 $142 Re8 25. Rd7) 24... Re4 (24... Qe4
$142 25. Rfe1 Qxe2 26. Rxe2 Rb4) 25. Qc2 h5 (25... Rc8 $142 26. Qd3 Rf8) 26.
Rfe1 Rxe1+ 27. Rxe1 hxg4 (27... Qa5 $142) 28. hxg4 Qa5 29. Qe2 Bd4 30. Rf1 Qb6
31. Kg2 Rf6 32. Re1 g5 33. f3 Rh6 34. Qd2 Bf6 35. Qd7 Qc5 36. Qc6 Qd4 37. Qc2
Qb6 38. Qe2 Bd4 $1 39. b3 Bc3 40. Rc1 Rxe6 41. Qc4 Bd2 42. Rc2 Be3 43. Re2 (43.
Bc7 $142 Kf8 44. Bxb6 Rxb6 45. Qe4 Kf7 46. Qh7+ Kf6 47. Rc8 Ra6 48. bxa6) 43...
Kf8 44. Bf2 (44. Bc7 $142 Bd4 45. Bxb6 Rxe2+ 46. Qxe2 Bxb6 47. Qe6 Ba5 48. b6
Bd2 49. Qf5+ Ke8 50. b7) 44... Rh6 45. Qc8+ Kf7 46. Qf5+ Ke8 47. Rxe3 Qc7 48.
Qe5 (48. Qxg5 $142 Rh8 {[#]} 49. Qg7 $1 {[%mdl 512]} Qh2+ 50. Kf1 Qd6 51. Qxh8+
Kf7 52. Qh7+ Kf8 53. Rd3) 48... Qc1 49. Qxe7# {Accuracy: White = 58%, Black =
23%.} 1-0

[Event "Marshall Chess Club IM 2020"]
[Site "New York"]
[Date "2020.03.02"]
[Round "9"]
[White "Fikiet, Alex"]
[Black "Nestorovic, Nikola"]
[Result "0-1"]
[WhiteElo "2217"]
[BlackElo "2469"]
[Annotator "TA"]
[PlyCount "106"]
[EventDate "2020.02.27"]
[EventType "tourn"]
[EventCountry "USA"]
[SourceTitle "playchess.com"]
[Source "ChessBase"]
[SourceQuality "1"]

{[%evp 9,106,27,25,20,27,25,34,22,22,15,22,25,32,-21,-11,-14,-14,-20,0,0,0,0,
14,10,12,11,15,0,35,30,18,0,26,0,0,0,62,23,14,5,54,10,10,8,18,10,17,0,19,13,38,
39,45,31,23,0,0,-29,-29,-78,-65,-127,-46,-106,-95,-100,-101,-154,-162,-154,
-165,-162,-159,-150,-73,-195,-191,-231,-225,-572,-377,-521,-542,-533,-525,-532,
-521,-499,-456,-665,-521,-568,-580,-535,-514,-810,-825,-796,-651]} 1. d4 Nf6 2.
c4 e6 3. Nf3 a6 4. Nc3 d5 5. cxd5 exd5 6. Bg5 {D37: Queen's Gambit Declined: 5
Bf4.} Be6 7. e3 Nbd7 8. h3 {White is slightly better.} Bd6 9. Bd3 c6 10. O-O
Qc7 11. Rc1 (11. Qd2 $14) 11... h6 $11 12. Bxf6 Nxf6 {[#]} 13. Na4 $146 ({
Predecessor:} 13. e4 dxe4 14. Nxe4 Nxe4 15. Bxe4 Qa5 16. a3 {1/2-1/2 (16)
Valerga,D (2502)-Slipak,S (2438) Villa Martelli 2013}) 13... Rd8 14. Qc2 O-O
15. Nc5 Bc8 16. b4 Rfe8 17. a4 Qe7 18. Nd2 Bb8 19. b5 cxb5 20. axb5 a5 21. Bf5
Ne4 22. Bxc8 {[#] Ncxe4 is the strong threat.} Nxd2 (22... Qc7 $11 23. f4 Nxd2
24. Qxd2 Rxc8) 23. Qxd2 (23. Bxb7 $5 {[%cal Rc2d2]} Nxf1 24. Kxf1 $14) 23...
Rxc8 24. Qa2 ({Reject} 24. Qxa5 Qd6 $15) 24... Rcd8 (24... Qd6 {is interesting.
} 25. g3 b6 26. Na6 Qe6 27. Nxb8 Rxc1 28. Rxc1 Rxb8 29. h4 Qf5) 25. Nd3 Qd6 {
[%csl Gb8][%cal Rd6h2] [#]} 26. Ne5 Qb6 27. Nf3 Bd6 28. Qa4 Bb4 29. Ne5 Re7 30.
Nd3 Bd6 31. Rc2 Rc7 32. Rfc1 Rdc8 33. Rxc7 Rxc7 34. Ra1 Rc3 35. Ne5 ({White
should play} 35. Nb2 $15) 35... Bb4 (35... f6 $17 36. Ng6 Rc4) 36. Nd7 (36. h4
$15) 36... Qc7 $17 37. b6 Qc6 38. Nc5 ({White should try} 38. Qxc6 Rxc6 39. Ne5
Rxb6 40. Kf1) 38... Qxa4 39. Nxa4 {[%mdl 4096] Endgame KRB-KRN} Rc2 40. Rb1 Kf8
41. Nb2 Rc6 ({Better is} 41... Ke7 42. Nd3 Bd6) 42. Na4 {Loses the game.} (42.
Nd3 $17 {is a better defense.}) 42... Ke7 43. Kf1 Kd6 44. Rb2 $2 (44. Ke2 {
is tougher.}) 44... Rc1+ $19 45. Ke2 Ra1 {Black is clearly winning.} 46. Nc5
Bxc5 47. dxc5+ Kxc5 {KR-KR} 48. Kd3 Ra3+ 49. Kc2 (49. Kd2 $142 a4 50. g3) 49...
Ra4 50. Kc3 Rc4+ 51. Kd3 a4 {[%cal Ba5a4,Ba4a3][%mdl 32]} 52. f3 (52. g4 $142
Rb4 53. Rc2+ Kxb6 54. Rc3) 52... a3 53. Ra2 Ra4 {Accuracy: White = 59%, Black
= 84%.} 0-1

[Event "Marshall Chess Club IM 2020"]
[Site "New York"]
[Date "2020.03.02"]
[Round "9"]
[White "Hallaeva, Bahar"]
[Black "Lund, Silas"]
[Result "1-0"]
[WhiteElo "2170"]
[BlackElo "2340"]
[Annotator "TA"]
[PlyCount "51"]
[EventDate "2020.02.27"]
[EventType "tourn"]
[EventCountry "USA"]
[SourceTitle "playchess.com"]
[Source "ChessBase"]
[SourceQuality "1"]

{[%evp 11,51,10,22,10,7,-24,75,64,69,64,64,48,141,119,347,169,504,514,772,788,
731,729,987,909,809,850,796,709,941,850,1141,1125,1121,1103,1318,1299,29981,
29982,29982,333,29983,29984]} 1. e4 e5 2. Nf3 Nc6 3. Bc4 Bc5 4. d3 d6 5. c3 Nf6
6. Bb3 h6 7. h3 {C54: Giuoco Piano: 4 c3 Nf6, main lines with 5 d4 and 5 d3.}
O-O 8. g4 {[#]} Be6 $146 (8... d5 $11 9. Nbd2 Be6) ({Predecessor:} 8... Nh7 9.
Nbd2 Be6 10. Bc2 d5 11. Qe2 a5 12. exd5 Bxd5 13. Ne4 Be7 14. a4 Qd7 {1-0 (40)
Tiviakov,S (2615)-Utegaliev,A (2502) Almaty 2019}) 9. g5 $1 $16 {White is
better.} hxg5 10. Bxg5 Bxb3 11. axb3 d5 {[#]} (11... Qe7 $14) 12. exd5 $1 Ne7
$2 {Black cannot hold the game after this.} ({Don't blunder} 12... Qxd5 $2 13.
Bxf6 e4 {[#]} 14. Rg1 $1 $18 {[%mdl 512]}) (12... Nb8 $16) 13. b4 (13. Bxf6
$142 {Rg1! is the strong threat.} gxf6 14. b4 Qxd5 15. Rg1+ Kh8 16. bxc5) 13...
Bb6 $2 (13... Bxf2+ 14. Kxf2 Nfxd5) 14. Bxf6 $1 $18 {Black must now prevent
Rg1!} gxf6 (14... Qd7 $142 15. Bxe7 Qxe7) 15. Rg1+ Ng6 16. Nh4 Qxd5 17. Nf5 Qd7
18. Qh5 e4 19. d4 Rae8 20. Rg2 c5 21. bxc5 Bxc5 22. Nd2 Bd6 23. Nxd6 Qxd6 24.
Rxg6+ fxg6 25. Qxg6+ {[%mdl 64] Double Attack} Kh8 26. Ra5 {Accuracy: White =
84%, Black = 30%.} 1-0

[Event "Marshall Chess Club IM 2020"]
[Site "New York"]
[Date "2020.03.02"]
[Round "9"]
[White "Prilleltensky, Matan"]
[Black "Sarkar, Justin"]
[Result "1/2-1/2"]
[WhiteElo "2097"]
[BlackElo "2373"]
[Annotator "TA"]
[PlyCount "72"]
[EventDate "2020.02.27"]
[EventType "tourn"]
[EventCountry "USA"]
[SourceTitle "playchess.com"]
[Source "ChessBase"]
[SourceQuality "1"]

{[%evp 10,72,27,22,36,14,7,0,0,-8,0,-1,-5,-12,-24,-10,-12,-14,24,17,87,99,105,
110,206,187,199,194,175,33,29,-8,-10,-37,-35,-79,-41,-123,-131,-219,-219,-216,
-192,-191,-189,-290,-285,-218,-206,-259,-52,-54,-52,-54,-55,-58,-52,-55,-67,
-326,-211,-241,540,422,819]} 1. d4 f5 2. Nc3 Nf6 3. Bg5 d5 4. Bxf6 exf6 5. e3
Be6 6. Qf3 Qd7 {A80: Dutch Defence: Unusual White second moves.} 7. Bb5 Nc6 {
[%cal Bb8c6,Bc6a5,Ba5c4][%mdl 32]} 8. Nge2 a6 {The position is equal.} 9. Ba4
g5 10. g3 O-O-O 11. a3 b5 12. Bb3 {[#]} Na5 $146 ({Predecessor:} 12... h5 13.
h4 Qf7 14. O-O-O Na5 15. Ba2 Nc4 16. a4 c6 17. axb5 axb5 18. Bxc4 bxc4 {
1-0 (32) Jacobsen,M (2264)-Sjostrand,J (1900) Malmo 2016}) 13. Ba2 Nc4 14. a4
Qc6 (14... Nb6 $11 {keeps the balance.}) 15. axb5 $1 $16 axb5 16. Bxc4 $1 Qxc4
(16... bxc4 $16 {might work better.} 17. O-O Kd7) 17. Ra6 $1 $18 {[%cal Ra6e6]}
Rd6 18. b3 Qb4 19. Rxd6 (19. Ra2 $18) 19... Bxd6 $14 20. O-O (20. g4 $5) 20...
c6 21. Ra1 h5 22. Qg2 Kb7 23. Qf1 (23. Kf1 $1 $15) 23... h4 $17 24. Qb1 (24.
Na2 $17 {was necessary.} Qd2 25. Qe1 Qxe1+ 26. Rxe1) 24... hxg3 $19 25. hxg3
Bc7 $1 26. Qa2 {Threatening mate with Qa6+.} Bb6 27. Kf1 (27. Kg2 {was worth a
try.}) 27... f4 28. gxf4 Bh3+ 29. Ke1 gxf4 $2 (29... Bg4 $1 $19 30. Qb2 Ba5)
30. Kd2 $15 fxe3+ 31. fxe3 Bg4 {...Bxe2 is the strong threat.} 32. Qa6+ $1 Kc7
33. Rg1 $1 {[%cal Rg1g4]} f5 {Hoping for ...Rh2!} (33... Bxe2 34. Rg7+ Qe7 35.
Rxe7+ Kd6 36. Qb7 Bg4 37. Rg7 Rh2+ 38. Kc1 $1 {[%mdl 512]} Rh1+ 39. Kb2 $1 {
[%mdl 512]}) 34. Kd3 $2 {[%mdl 8192]} ({White should play} 34. Nf4 $15 Rh2+ 35.
Rg2 Rxg2+ 36. Nxg2) 34... Rh2 35. Qa8 {[#]} Qe7 $4 {[%mdl 8192]} (35... Qa5 $1
$19 {[%cal Ra5a8] avoids the disaster.} 36. Qe8 Kb7 37. Qe7+ Bc7) 36. Nf4 $18
Kd6 {[%mdl 32768] White used his chance. Accuracy: White = 59%, Black = 63%. .
An unexpected result.} ({But not} 36... Bf3 $2 {[#]} 37. Rg7 $3 {[%mdl 512]} (
37. Ne6+ Qxe6 38. Rg7+ Qd7 $16)) (36... Qd7 $142 37. Nfxd5+ (37. Rg3 b4 $11)
37... cxd5) 1/2-1/2